[Event "GER-chA Seniors 28th"]
[Site "Niederhausen"]
[Date "2016.08.21"]
[Round "9"]
[White "Blab, Ludwig"]
[Black "Kluger, Hans Peter"]
[Result "1-0"]
[WhiteElo "2097"]
[BlackElo "1930"]
[PlyCount "67"]
[EventDate "2016.08.13"]
[EventType "swiss"]
[EventRounds "9"]
[EventCountry "GER"]
[SourceTitle "EXT 2019"]
[Source "ChessBase"]
[SourceDate "2018.10.10"]
[SourceVersion "1"]
[SourceVersionDate "2018.10.10"]
[SourceQuality "1"]

1. c4 g6 2. Nc3 Bg7 3. d4 d6 4. e4 e5 5. d5 Nf6 6. f3 Nbd7 7. Be3 b6 8. Bd3 Nc5 9. Bc2 Ba6 10. b3 Bc8 11. Nge2 a6 12. Qd2 Bd7 13. b4 Nb7 14. 0-0 0-0 15. g4 a5 16. b5 Nc5 17. Ng3 Qc8 18. h3 Kh8 19. Rf2 Ng8 20. Raf1 Ne7 21. f4 f5 22. fxe5 Bxe5 23. Bd4 Bxd4 24. Qxd4+ Kg8 25. exf5 gxf5 26. gxf5 Rf7 27. Rg2 Ng6 28. fxg6 Rxf1+ 29. Nxf1 h6 30. Qh4 Bxh3 31. Qxh6 Qd7 32. g7 Bxg2 33. Qh7+ Kf7 34. g8Q+ 1-0

[Event "GER-chA Seniors 28th"]
[Site "Niederhausen"]
[Date "2016.08.19"]
[Round "7"]
[White "Blab, Ludwig"]
[Black "Gerhardt, Peter Michael"]
[Result "1/2-1/2"]
[WhiteElo "2097"]
[BlackElo "2006"]
[PlyCount "38"]
[EventDate "2016.08.13"]
[EventType "swiss"]
[EventRounds "9"]
[EventCountry "GER"]
[SourceTitle "EXT 2019"]
[Source "ChessBase"]
[SourceDate "2018.10.10"]
[SourceVersion "1"]
[SourceVersionDate "2018.10.10"]
[SourceQuality "1"]

1. c4 Nf6 2. Nc3 g6 3. d4 Bg7 4. e4 d6 5. Bd3 0-0 6. Nge2 Nbd7 7. f3 c5 8. Be3 b6 9. Qd2 cxd4 10. Nxd4 Ne5 11. Be2 Bb7 12. Rc1 Rc8 13. b3 Nc6 14. 0-0 Qd7 15. Rfd1 Rfd8 16. Bf1 Qe8 17. g4 Nd7 18. h3 Nxd4 19. Bxd4 Bxd4+ 1/2-1/2

[Event "GER-chA Seniors 28th"]
[Site "Niederhausen"]
[Date "2016.08.17"]
[Round "5"]
[White "Blab, Ludwig"]
[Black "Schwertel, Johann"]
[Result "1/2-1/2"]
[WhiteElo "2097"]
[BlackElo "1971"]
[PlyCount "62"]
[EventDate "2016.08.13"]
[EventType "swiss"]
[EventRounds "9"]
[EventCountry "GER"]
[SourceTitle "EXT 2019"]
[Source "ChessBase"]
[SourceDate "2018.10.10"]
[SourceVersion "1"]
[SourceVersionDate "2018.10.10"]
[SourceQuality "1"]

1. c4 c6 2. d4 d5 3. Nc3 Nf6 4. Nf3 e6 5. e3 Nbd7 6. Bd2 Bd6 7. cxd5 exd5 8. Bd3 0-0 9. Qc2 Re8 10. g4 Nf8 11. h3 a6 12. 0-0-0 c5 13. dxc5 Bxc5 14. Kb1 b6 15. g5 Nh5 16. Bc1 g6 17. Ka1 Bb7 18. e4 d4 19. Ne2 Ne6 20. Bd2 Rc8 21. Qb1 b5 22. Rhg1 Qd6 23. Rg4 Qb6 24. Ne1 a5 25. f4 a4 26. f5 Neg7 27. Ng2 Bd6 28. Nh4 Be5 29. Rf1 b4 30. Qe1 b3 31. a3 Ba6 1/2-1/2

[Event "GER-chA Seniors 27th"]
[Site "Magdeburg"]
[Date "2015.08.20"]
[Round "6"]
[White "Blab, Ludwig"]
[Black "Liebert, Heinz"]
[Result "1/2-1/2"]
[WhiteElo "2119"]
[BlackElo "2221"]
[PlyCount "42"]
[EventDate "2015.08.15"]
[EventType "swiss"]
[EventRounds "9"]
[EventCountry "GER"]
[SourceTitle "EXT 2018"]
[Source "ChessBase"]
[SourceDate "2017.10.13"]
[SourceVersion "1"]
[SourceVersionDate "2017.10.13"]
[SourceQuality "1"]

1. c4 e5 2. Nc3 Nf6 3. g3 Bb4 4. Bg2 0-0 5. Qb3 Bxc3 6. Qxc3 Re8 7. d3 c6 8. Bg5 h6 9. Bxf6 Qxf6 10. Nf3 d5 11. cxd5 cxd5 12. Nd2 Qd6 13. 0-0 Nc6 14. Nb3 b6 15. d4 e4 16. Rfc1 Bd7 17. Bh3 Rac8 18. Bxd7 Qxd7 19. Qd2 Qd6 20. Rc3 Ne7 21. Rac1 Rxc3 1/2-1/2

[Event "GER-chA Seniors 27th"]
[Site "Magdeburg"]
[Date "2015.08.19"]
[Round "5"]
[White "Blab, Ludwig"]
[Black "Schwis, Joachim"]
[Result "1-0"]
[WhiteElo "2119"]
[BlackElo "1919"]
[PlyCount "28"]
[EventDate "2015.08.15"]
[EventType "swiss"]
[EventRounds "9"]
[EventCountry "GER"]
[SourceTitle "EXT 2018"]
[Source "ChessBase"]
[SourceDate "2017.10.13"]
[SourceVersion "1"]
[SourceVersionDate "2017.10.13"]
[SourceQuality "1"]

1. c4 e5 2. Nc3 Nc6 3. g3 Nf6 4. Bg2 Bc5 5. e3 d6 6. Nge2 a6 7. 0-0 Qe7 8. h3 Be6 9. d4 Bxc4 10. dxc5 dxc5 11. Qa4 Bxe2 12. Bxc6+ Kf8 13. Nxe2 bxc6 14. Qxc6 Rd8 1-0

[Event "GER-chA Seniors 27th"]
[Site "Magdeburg"]
[Date "2015.08.17"]
[Round "3"]
[White "Blab, Ludwig"]
[Black "Boost, Juergen"]
[Result "1/2-1/2"]
[WhiteElo "2119"]
[BlackElo "1889"]
[PlyCount "36"]
[EventDate "2015.08.15"]
[EventType "swiss"]
[EventRounds "9"]
[EventCountry "GER"]
[SourceTitle "EXT 2018"]
[Source "ChessBase"]
[SourceDate "2017.10.13"]
[SourceVersion "1"]
[SourceVersionDate "2017.10.13"]
[SourceQuality "1"]

1. c4 e6 2. d4 d5 3. Nc3 Nf6 4. Nf3 Be7 5. e3 0-0 6. Bd3 dxc4 7. Bxc4 c5 8. 0-0 Nc6 9. Bb5 cxd4 10. exd4 Nb4 11. Bf4 Nbd5 12. Be5 Bd7 13. Bd3 Nxc3 14. bxc3 Bc6 15. h3 Rc8 16. a4 h6 17. Qe2 Bd6 18. Rfd1 Nd5 1/2-1/2

[Event "GER-chA Seniors 27th"]
[Site "Magdeburg"]
[Date "2015.08.16"]
[Round "2"]
[White "Hellwege, Werner"]
[Black "Blab, Ludwig"]
[Result "0-1"]
[WhiteElo "1926"]
[BlackElo "2119"]
[PlyCount "106"]
[EventDate "2015.08.15"]
[EventType "swiss"]
[EventRounds "9"]
[EventCountry "GER"]
[SourceTitle "EXT 2018"]
[Source "ChessBase"]
[SourceDate "2017.10.13"]
[SourceVersion "1"]
[SourceVersionDate "2017.10.13"]
[SourceQuality "1"]

1. d4 e6 2. Nf3 d5 3. g3 Nf6 4. Bg2 Nbd7 5. 0-0 b6 6. c4 Bb7 7. cxd5 exd5 8. Nc3 a6 9. Bg5 Be7 10. Rc1 0-0 11. Qb3 b5 12. Ne5 Nb6 13. Qc2 c5 14. dxc5 Bxc5 15. Nd3 Be7 16. Ne5 Rc8 17. Qd3 b4 18. Bh3 Rc7 19. Nb1 Bd6 20. Ng4 Nbd7 21. Nxf6+ Nxf6 22. Bg2 Be5 23. b3 Rd7 24. Nd2 Qb6 25. Nf3 Bc3 26. Qf5 Rd6 27. Rcd1 Re8 28. Bf4 Rdd8 29. Be5 Bc8 30. Qf4 Ne4 31. Bc7 Qe6 32. Bxd8 Rxd8 33. Nd4 Qe8 34. Nc2 g5 35. Qe3 Bf5 36. Nd4 Bg6 37. f3 Nd2 38. Qf2 Nxf1 39. Rxf1 Bd2 40. e4 Bc3 41. exd5 Rxd5 42. Ne2 Rd2 43. Re1 Qd7 44. Qb6 Rd6 45. Qb8+ Qd8 46. Qxd8+ Rxd8 47. Rf1 Rd2 48. Nc1 Bb1 49. f4 g4 50. h3 h5 51. hxg4 hxg4 52. Bb7 a5 53. Bc8 Bd4+ 0-1

[Event "GER-ch Seniors"]
[Site "Dresden"]
[Date "2012.08.12"]
[Round "4"]
[White "Blab, Ludwig"]
[Black "Hottes, Dieter"]
[Result "0-1"]
[WhiteElo "2136"]
[BlackElo "2186"]
[PlyCount "96"]
[EventDate "2012.08.09"]
[EventType "swiss"]
[EventRounds "9"]
[EventCountry "GER"]
[SourceTitle "EXT 2014"]
[Source "ChessBase"]
[SourceDate "2013.11.20"]
[SourceVersion "1"]
[SourceVersionDate "2013.11.20"]
[SourceQuality "1"]

1. c4 g6 2. Nc3 Bg7 3. d4 d6 4. e4 Nf6 5. f3 b6 6. Be3 c5 7. Nge2 Nc6 8. Qd2 0-0 9. g4 e5 10. dxc5 bxc5 11. Bg5 Nd4 12. Bg2 Be6 13. Nd5 Bxd5 14. exd5 h6 15. Nxd4 exd4 16. Bf4 Re8+ 17. Kd1 Rb8 18. Rb1 Rb4 19. Bf1 Kh7 20. h4 Nd7 21. b3 Ne5 22. Rh3 a5 23. Bd3 Qe7 24. Be4 Kg8 25. Qg2 Rb7 26. Bd2 a4 27. Kc2 axb3+ 28. axb3 Ra8 29. Qe2 Ra2+ 30. Kd1 Rba7 31. Bd3 Ra1 32. f4 Nxd3 33. Qxd3 R1a2 34. Rh2 Qe8 35. Re2 Re7 36. g5 Qd7 37. Rxe7 Qxe7 38. Qe2 Qd7 39. Qf3 Qf5 40. Rc1 Be5 41. Ke1 hxg5 42. hxg5 Rxd2 43. Kxd2 Bxf4+ 44. Kd1 Bxc1 45. Qxf5 gxf5 46. Kxc1 Kf8 47. Kd2 Ke7 48. Kd3 Kd7 0-1

[Event "GER-ch Seniors"]
[Site "Dresden"]
[Date "2012.08.11"]
[Round "3"]
[White "Pape, Manfred"]
[Black "Blab, Ludwig"]
[Result "1/2-1/2"]
[WhiteElo "2221"]
[BlackElo "2136"]
[PlyCount "36"]
[EventDate "2012.08.09"]
[EventType "swiss"]
[EventRounds "9"]
[EventCountry "GER"]
[SourceTitle "EXT 2014"]
[Source "ChessBase"]
[SourceDate "2013.11.20"]
[SourceVersion "1"]
[SourceVersionDate "2013.11.20"]
[SourceQuality "1"]

1. d4 e6 2. Nf3 d5 3. Bf4 Nd7 4. e3 Ngf6 5. Nbd2 Be7 6. Bd3 b6 7. h3 Bb7 8. 0-0 0-0 9. c3 Ne4 10. Qc2 f5 11. Ne5 Nxd2 12. Qxd2 Nxe5 13. Bxe5 Bd6 14. Bxd6 Qxd6 15. f4 c5 16. Qe2 c4 17. Bc2 b5 18. Qd2 Bc6 1/2-1/2

[Event "Hessen-ch Seniors op 07th"]
[Site "Bad Sooden-Allendorf"]
[Date "2011.05.06"]
[Round "7"]
[White "Huhn, Ulrich"]
[Black "Blab, Ludwig"]
[Result "0-1"]
[WhiteElo "1803"]
[BlackElo "1967"]
[PlyCount "70"]
[EventDate "2011.04.30"]
[EventType "swiss"]
[EventRounds "9"]
[EventCountry "GER"]
[SourceTitle "EXT 2012"]
[Source "ChessBase"]
[SourceDate "2011.11.24"]
[SourceVersion "1"]
[SourceVersionDate "2011.11.24"]
[SourceQuality "1"]

1. d4 e6 2. Nc3 d5 3. Nf3 Nf6 4. Bg5 Be7 5. e3 Nbd7 6. Ne5 a6 7. Bd3 c5 8. Nxd7 Bxd7 9. dxc5 Bxc5 10. 0-0 Bd6 11. Qf3 Bc6 12. Qh3 Qc7 13. Rfe1 0-0-0 14. Ne2 h6 15. Bh4 Kb8 16. Nd4 Bd7 17. Bxf6 gxf6 18. e4 dxe4 19. Bxe4 Rdg8 20. Qf3 Bxh2+ 21. Kh1 Be5 22. Qd3 Rd8 23. c3 Rhg8 24. Re3 f5 25. Bf3 Bf4 26. Ree1 Bc8 27. Qf1 Qe7 28. g3 Qg5 29. Qh3 Bc7 30. Rad1 e5 31. Ne2 Rd2 32. Qh5 Rgd8 33. Qxg5 hxg5 34. Rxd2 Rxd2 35. Rb1 g4 0-1

[Event "GER-ch Seniors 22nd"]
[Site "Berlin"]
[Date "2010.08.16"]
[Round "1"]
[White "Berger, Volkmar"]
[Black "Blab, Ludwig"]
[Result "0-1"]
[WhiteElo "1653"]
[BlackElo "2002"]
[PlyCount "74"]
[EventDate "2010.08.16"]
[EventType "swiss"]
[EventRounds "9"]
[EventCountry "GER"]
[SourceTitle "CBM 138 Extra"]
[Source "ChessBase"]
[SourceDate "2010.10.29"]
[SourceVersion "1"]
[SourceVersionDate "2010.10.29"]
[SourceQuality "1"]

1. d4 Nf6 2. Nf3 g6 3. Bf4 Bg7 4. e3 0-0 5. h3 d6 6. Bd3 c5 7. c3 cxd4 8. exd4 e5 9. Bg5 e4 10. Bxe4 Re8 11. Ne5 dxe5 12. d5 Qb6 13. Bxf6 Bxf6 14. Qc2 Nd7 15. 0-0 Nc5 16. Nd2 Bg5 17. Nc4 Qd8 18. d6 Be6 19. b4 Nxe4 20. Qxe4 Bxc4 21. Qxc4 Qxd6 22. Rad1 Qe7 23. Rd5 Rac8 24. Qb3 Qc7 25. Rc5 Qb6 26. Rd5 Rcd8 27. Rc5 Re7 28. Re1 Qd6 29. c4 Qd2 30. Qb1 f6 31. a3 b6 32. Rc6 Rd3 33. c5 e4 34. Kf1 e3 35. Re2 Qd1+ 36. Qxd1 Rxd1+ 37. Re1 e2+ 0-1

[Event "GER-ch Seniors-A 20th"]
[Site "Erfurt"]
[Date "2008.08.13"]
[Round "9"]
[White "Blab, Ludwig"]
[Black "Mueller, Klaus2"]
[Result "1-0"]
[WhiteElo "2027"]
[BlackElo "1908"]
[PlyCount "113"]
[EventDate "2008.08.05"]
[EventType "swiss"]
[EventRounds "9"]
[EventCountry "GER"]
[SourceTitle "CBM 126 Extra"]
[Source "ChessBase"]
[SourceDate "2008.11.05"]
[SourceVersion "1"]
[SourceVersionDate "2008.11.05"]
[SourceQuality "1"]

1. c4 c6 2. d4 d5 3. e3 Nf6 4. Nf3 Bf5 5. Nc3 e6 6. Bd3 Bxd3 7. Qxd3 Bb4 8. Bd2 0-0 9. a3 Be7 10. c5 Nbd7 11. b4 Qc7 12. g3 Rfe8 13. Nh4 e5 14. 0-0 g6 15. Ng2 Bf8 16. f4 exd4 17. exd4 Ne4 18. Be3 f5 19. Ne1 Ndf6 20. Nf3 Rad8 21. Ne5 Bg7 22. Ne2 h5 23. Nxg6 Ng4 24. Ne5 Bf6 25. Ra2 Qg7 26. Nc3 Kh7 27. Rg2 Rg8 28. Bd2 Rde8 29. Nd1 Nh6 30. Ne3 Qe7 31. Qe2 h4 32. Qh5 Qe6 33. Be1 hxg3 34. Bxg3 Bxe5 35. fxe5 Rg5 36. Qh3 Nxg3 37. hxg3 Reg8 38. Rf3 Qg6 39. Qh4 Kg7 40. Kf1 Rh8 41. Qf4 Kf7 42. e6+ Kxe6 43. Qe5+ Kd7 44. Qxh8 Rh5 45. Qb8 Rh1+ 46. Rg1 Qh5 47. Qxb7+ Kd8 48. Qb8+ Kd7 49. Qd6+ Kc8 50. Qxc6+ Kb8 51. Qd6+ Kc8 52. Qf8+ Kc7 53. Nxd5+ Kc6 54. Qa8+ Kb5 55. Qe8+ Kc4 56. Qxh5 Rxh5 57. Nf6 1-0

[Event "GER-ch Seniors-A 20th"]
[Site "Erfurt"]
[Date "2008.08.09"]
[Round "5"]
[White "Kreutzkamp, Hans Rudolf"]
[Black "Blab, Ludwig"]
[Result "1-0"]
[WhiteElo "2116"]
[BlackElo "2027"]
[PlyCount "89"]
[EventDate "2008.08.05"]
[EventType "swiss"]
[EventRounds "9"]
[EventCountry "GER"]
[SourceTitle "CBM 126 Extra"]
[Source "ChessBase"]
[SourceDate "2008.11.05"]
[SourceVersion "1"]
[SourceVersionDate "2008.11.05"]
[SourceQuality "1"]

1. e4 e6 2. d4 d5 3. Nc3 Bb4 4. e5 c5 5. a3 Bxc3+ 6. bxc3 c4 7. Qg4 Kf8 8. a4 Nc6 9. Ba3+ Nce7 10. f4 Nh6 11. Qh3 Bd7 12. g4 Ke8 13. Ne2 Ng6 14. Bc1 Qh4+ 15. Qxh4 Nxh4 16. Bh3 Ng8 17. Ng3 f6 18. Nh5 Kf7 19. Rf1 f5 20. gxf5 Nxf5 21. Bxf5 exf5 22. a5 g6 23. Ng3 Re8 24. Ba3 Re6 25. Bc5 a6 26. Rb1 Bb5 27. Kd2 Ne7 28. Rf2 Bc6 29. Rg1 Ng8 30. Rfg2 Nh6 31. Nh1 Bd7 32. Nf2 Kg7 33. Nd1 Bc6 34. Ne3 Kf7 35. Kc1 Rg8 36. Bb6 Ree8 37. Rd2 Rg7 38. Nxc4 dxc4 39. d5 Bb5 40. e6+ Kg8 41. Re1 g5 42. fxg5 Rxg5 43. d6 Nf7 44. d7 Bxd7 45. exf7+ 1-0

[Event "GER-ch Seniors-A 20th"]
[Site "Erfurt"]
[Date "2008.08.07"]
[Round "3"]
[White "Blab, Ludwig"]
[Black "Merettig, Georg"]
[Result "1-0"]
[WhiteElo "2027"]
[BlackElo "1750"]
[PlyCount "86"]
[EventDate "2008.08.05"]
[EventType "swiss"]
[EventRounds "9"]
[EventCountry "GER"]
[SourceTitle "CBM 126 Extra"]
[Source "ChessBase"]
[SourceDate "2008.11.05"]
[SourceVersion "1"]
[SourceVersionDate "2008.11.05"]
[SourceQuality "1"]

1. c4 Nc6 2. Nc3 b6 3. d4 f5 4. g3 Bb7 5. Nf3 e5 6. d5 Na5 7. Nxe5 Qf6 8. f4 0-0-0 9. e3 Nh6 10. Bd2 Bd6 11. Be2 Bxe5 12. fxe5 Qxe5 13. b4 Nxc4 14. Bxc4 Ng4 15. Qf3 Rhe8 16. 0-0-0 c6 17. Rde1 Qd6 18. Qxf5 Ne5 19. Be2 Qxb4 20. dxc6 Qa3+ 21. Kb1 Nxc6 22. Nb5 Qe7 23. Rc1 Kb8 24. Qf4+ d6 25. Rhd1 Rf8 26. Qa4 Rf2 27. Bd3 a6 28. Nd4 Na7 29. Bxa6 Qe4+ 30. Ka1 Qg2 31. Be1 Rf7 32. Bxb7 Rxb7 33. Rd2 Qf1 34. Nc6+ Nxc6 35. Qxc6 Qf6+ 36. Rd4 Ka7 37. Bc3 Qf7 38. Ra4+ Kb8 39. Bd4 b5 40. Ra5 Qc7 41. Qxc7+ Rxc7 42. Rxb5+ Kc8 43. Rxc7+ Kxc7 1-0

[Event "Sachsen-ch Seniors"]
[Site "Dresden"]
[Date "2007.08.??"]
[Round "9"]
[White "Lenk, Wolfgang"]
[Black "Blab, Ludwig"]
[Result "1/2-1/2"]
[WhiteElo "2220"]
[BlackElo "2146"]
[PlyCount "84"]
[EventDate "2007.07.28"]
[EventType "swiss"]
[EventRounds "9"]
[EventCountry "GER"]
[SourceTitle "EXT 2008"]
[Source "ChessBase"]
[SourceDate "2007.11.25"]
[SourceVersion "1"]
[SourceVersionDate "2007.11.25"]
[SourceQuality "1"]

1. e4 c6 2. d4 d5 3. Nc3 dxe4 4. Nxe4 Nd7 5. Bc4 e6 6. Nf3 Ngf6 7. Nxf6+ gxf6 8. 0-0 Bd6 9. Re1 Nb6 10. Bb3 Nd5 11. c4 Ne7 12. Nh4 Qc7 13. g3 c5 14. dxc5 Bxc5 15. Qf3 Rg8 16. Ba4+ Bd7 17. Bxd7+ Qxd7 18. Be3 Bxe3 19. Qxe3 Rg5 20. Rad1 Qc7 21. Qd3 Rd8 22. Qxh7 Rxd1 23. Rxd1 Qxc4 24. Qd3 Qc7 25. Qe3 Rc5 26. b4 Rc4 27. Qxa7 Rxb4 28. Qa8+ Nc8 29. Qa3 Rc4 30. Qe3 Nd6 31. Ng2 Nf5 32. Qa3 Rc3 33. Qa4+ Kf8 34. Qb4+ Qc5 35. Qxc5+ Rxc5 36. g4 Ng7 37. Ne3 e5 38. Rb1 b5 39. Kg2 Ne6 40. Rb4 Nd4 41. a4 Kg8 42. axb5 Rxb5 1/2-1/2

[Event "NRW Class1 0506"]
[Site "Germany"]
[Date "2006.05.07"]
[Round "9.5"]
[White "Alles, Christoph"]
[Black "Blab, Ludwig"]
[Result "1-0"]
[WhiteElo "2025"]
[BlackElo "2100"]
[PlyCount "175"]
[EventDate "2005.09.25"]
[EventType "team-tourn"]
[EventRounds "9"]
[EventCountry "GER"]
[SourceTitle "EXT 2006"]
[Source "ChessBase"]
[SourceDate "2005.11.24"]
[SourceVersion "1"]
[SourceVersionDate "2005.11.24"]
[SourceQuality "1"]
[WhiteTeam "Castrop Rauxel"]
[BlackTeam "Bergneustadt/Derschlag"]
[WhiteTeamCountry "GER"]
[BlackTeamCountry "GER"]

1. e4 e6 2. d3 c5 3. Nd2 Nc6 4. g3 d5 5. Bg2 Nf6 6. Ngf3 dxe4 7. dxe4 e5 8. 0-0 Be7 9. c3 0-0 10. Qc2 b6 11. Nc4 Ba6 12. Rd1 Qc7 13. Ne3 Rfd8 14. Nd5 Nxd5 15. exd5 Na5 16. Ng5 g6 17. d6 Bxd6 18. Bxa8 Rxa8 19. Ne4 Be7 20. Bg5 f5 21. Bxe7 fxe4 22. Bg5 Bd3 23. Qc1 c4 24. Qe3 Rf8 25. Bh6 Rf5 26. Rd2 Qe7 27. h4 Qe6 28. Kg2 Nc6 29. Bg5 Rf3 30. Qe1 Kg7 31. Qh1 Qd5 32. Be3 Ne7 33. Re1 Qf7 34. Qg1 Nd5 35. a4 Qf5 36. a5 Qg4 37. Qh2 Rf7 38. axb6 axb6 39. Kg1 Ra7 40. Qg2 Ra2 41. Kh2 b5 42. Qh3 Nxe3 43. fxe3 Qxh3+ 44. Kxh3 b4 45. Red1 h5 46. cxb4 Ra4 47. Rf2 Rxb4 48. Ra1 Rb7 49. Ra5 Re7 50. g4 Kh6 51. g5+ Kg7 52. Ra8 Rb7 53. Re8 Rb5 54. Re7+ Kg8 55. Ref7 Rb8 56. R2f6 Be2 57. Rc7 Bg4+ 58. Kg3 Bf5 59. Ra6 Kf8 60. Raa7 Be6 61. Rab7 Rd8 62. Re7 Rd6 63. Rh7 Rd8 64. Rhc7 Re8 65. Rb6 Kg8 66. Rcb7 Kf8 67. Rb8 Rxb8 68. Rxb8+ Ke7 69. Rb5 Kd6 70. Kf2 Bd7 71. Rb6+ Bc6 72. Ke2 Kc7 73. Ra6 c3 74. Kd1 cxb2 75. Kc2 b1Q+ 76. Kxb1 Kd6 77. Kc2 Kc5 78. Kc3 Kd5 79. Kb4 Be8 80. Rf6 Bd7 81. Rxg6 Bg4 82. Rh6 Bf3 83. Kb5 Be2+ 84. Kb6 Bg4 85. Kc7 Kc4 86. Kd6 Kd3 87. Kxe5 Kxe3 88. g6 1-0

[Event "NRW Class1 0506"]
[Site "Germany"]
[Date "2005.11.06"]
[Round "3.6"]
[White "Blab, Ludwig"]
[Black "Mroczek, Mathias"]
[Result "0-1"]
[WhiteElo "2100"]
[BlackElo "2143"]
[PlyCount "90"]
[EventDate "2005.09.25"]
[EventType "team-tourn"]
[EventRounds "9"]
[EventCountry "GER"]
[SourceTitle "EXT 2006"]
[Source "ChessBase"]
[SourceDate "2005.11.24"]
[SourceVersion "1"]
[SourceVersionDate "2005.11.24"]
[SourceQuality "1"]
[WhiteTeam "Bergneustadt/Derschlag"]
[BlackTeam "Muelheim Nord II"]
[WhiteTeamCountry "GER"]
[BlackTeamCountry "GER"]

1. c4 e6 2. Nc3 d5 3. d4 Nf6 4. Bg5 Nbd7 5. Nf3 Be7 6. e3 0-0 7. Bd3 c6 8. h4 dxc4 9. Bxc4 b5 10. Bd3 Bb7 11. h5 a6 12. Qe2 c5 13. Rd1 Qa5 14. Nd2 b4 15. Nc4 Qd8 16. Na4 cxd4 17. exd4 Kh8 18. 0-0 Nd5 19. Bd2 Bc6 20. b3 Bxa4 21. bxa4 Nc3 22. Bxc3 bxc3 23. Ne5 Nxe5 24. dxe5 Qc7 25. Rc1 Qa5 26. Qe4 g6 27. Rb1 Rab8 28. Qe2 Qxa4 29. Bxa6 c2 30. Rbc1 Rb2 31. Bc4 Rc8 32. Bb3 Rxb3 33. axb3 Qxb3 34. Qe4 Qc4 35. Qf3 Kg7 36. Rfe1 Bg5 37. hxg6 hxg6 38. Re3 Qd4 39. g3 Bxe3 40. fxe3 Qxe5 41. Qf4 Qxf4 42. gxf4 Kf6 43. Kf2 Kf5 44. Ke2 Ke4 45. Kd2 Rc5 0-1